000 00246nam a22001097a 4500
999 _c169506
_d169506
082 _a
_b
245 _aThe years work in english studies/
_cby Break Laurel (ed.).
260 _a
_bOxford,
_c1990.
300 _a931p.
650 _a
942 _cBK